The macintosh way

The Macintosh Way is a "take-no-prisoners guide to marketing warfare" says Jean Louis Gasse, founder and president of Be, Inc. Must reading for anyone in the high-tech industry, it is valuable, insightful guide to innovation management and marketing for any industry.

Na minha lista:
Detalhes bibliográficos
Autor principal: Kawasaki, Guy
Formato: Livro
Idioma:Undetermined
Publicado em: New York Harper Perennial 1990
Assuntos:
Tags: Adicionar Tag
Sem tags, seja o primeiro a adicionar uma tag!
Thư viện lưu trữ: Trung tâm Học liệu Trường Đại học Cần Thơ
LEADER 00821nam a2200205Ia 4500
001 CTU_89163
008 210402s9999 xx 000 0 und d
082 |a 338.761004 
082 |b K22 
100 |a Kawasaki, Guy 
245 4 |a The macintosh way 
245 0 |c Guy Kawasaki 
260 |a New York 
260 |b Harper Perennial 
260 |c 1990 
520 |a The Macintosh Way is a "take-no-prisoners guide to marketing warfare" says Jean Louis Gasse, founder and president of Be, Inc. Must reading for anyone in the high-tech industry, it is valuable, insightful guide to innovation management and marketing for any industry. 
650 |a Computer software,Microcomputers 
650 |x Marketing,History,Programming,Marketing,History 
904 |i Truc 
980 |a Trung tâm Học liệu Trường Đại học Cần Thơ